Mecanización agrícola
Guardat en:
| Format: | Llibre |
|---|---|
| Idioma: | espanyol |
| Publicat: |
Milwaukee
Alli-Chalmers
1938
|
| Matèries: | |
| Etiquetes: |
Afegir etiqueta
Sense etiquetes, Sigues el primer a etiquetar aquest registre!
|
MARC
| LEADER | 00000nam a2200000 a 4500 | ||
|---|---|---|---|
| 001 | UCV7211 | ||
| 003 | CL-VaPUC | ||
| 008 | 890908e19380000US |||||||||||||||||spa|d | ||
| 082 | 0 | 4 | |a 631 |b MEC |2 21 |
| 245 | 1 | 0 | |a Mecanización agrícola |
| 942 | |c BK | ||
| 945 | |d 19890908 00:00:00 | ||
| 260 | |a Milwaukee |b Alli-Chalmers |c 1938 | ||
| 500 | |a Números 1 al 9, de la revista Mecanización agrícola | ||
| 650 | 7 | |a MECANIZACION AGRICOLA |2 CL-VaPUC |9 264355 | |
| 650 | 0 | |a Cultivos |9 264356 | |
| 650 | 7 | |a MAQUINARIA AGRICOLA |2 CL-VaPUC |9 264357 | |
| 583 | |a last modification |c 19890908 00:00:00 |k Rodrigo Vera | ||
| 999 | |c 212929 |d 212927 | ||